000 00283nam a2200121Ia 4500
008 190216s9999||||xx |||||||||||||| ||und||
100 _aNull
245 0 _aHindi-Sabarik Aur Preshashthik Pathvahar
260 _bAnil Pusthak Kendra
300 _a106
650 _aHindi
942 _cBK
999 _c15884
_d15884